Statistics for New Year's Day Events

Click here to take the quiz!

General Stats

  • This quiz has been taken 7 times
  • The average score is 7 of 13

Answer Stats

QuestionAnswer% Correct
Which island in San Francisco Bay became a federal prison?Alcatraz
100%
Who was proclaimed the Empress of India in 1877?Queen Victoria
86%
Which product is banned from being advertised on US TV in 1971?Cigarettes
86%
Spanish rule ends in which island nation in 1899?Cuba
71%
Which New York island begins processing immigrants into US in 1892?Ellis
71%
Which city was formed by the Portuguese in 1502?Rio De Janeiro
57%
Which African country gained independence from Egypt and the UK in 1956?Sudan
57%
Which Asian republic was formed in 1912?China
43%
Which African country becomes a British protectorate in 1901?Nigeria
43%
Which country is admitted into the European Community in 1971?Greece
29%
Which country adopts the Euro as currency and becomes the 17th Eurozone country in 2011?Estonia
29%
Which Asian country becomes independent from UK in 1984?Brunei
14%
Which African country is consolidated into a colony by the Italian government in 1890?Eritrea
14%

Score Distribution

Percentile by Number Answered

Percent of People with Each Score

Your Score History

You have not taken this quiz